00251nam a2200109Ia 4500100001700000654001300017245004800030260003000078082001300108300000800121546001200129 aJarol Scott  aComputer aVisuals Basics Multimedia : Adventure Set bGalgotiaaNew Delhic1994 a5.1bPAN a710 aENGLISH